Quick Pick: Beyoncé Song Title Endings Quiz Stats

 Plays Quiz Updated May 12, 2019

Score 0/12 Timer 01:00
0 Plays Today
% Correct
Love
96.3%
Had
96%
It
95.8%
Boy
95.6%
Dreams
92.1%
Girls
90.3%
Top
89.7%
Up
85.3%
U
78.7%
Liar
71.5%
Bodied
57.1%
Hurts
55.2%

Today's Daily Dose

You're not logged in!

Compare scores with friends on all Sporcle quizzes.
OR
Log In

Show Comments

Extras

Top Quizzes Today


Score Distribution

Your Account Isn't Verified!

In order to create a playlist on Sporcle, you need to verify the email address you used during registration. Go to your Sporcle Settings to finish the process.

Report this User

Report this user for behavior that violates our Community Guidelines.

Details: